00442nam a2200121Ia 4500008004100000022001400041041000800055100003000063245002400093260003400117999001700151952015200168230206s9999 xx 000 0 und d a0971-4480 aeng aAgarwala R G, Ed.9119225 aThe Insurance Times bJanta Printing WorksaKolkata c97676d97676 00104070aHIMRbHIMRd2016-11-22eSaurabh Pustak Bandhani Kendral0o658.155/AGA BV0253pHIMR-BV-253r2023-02-06 00:00:00w2023-02-06yBVzBV0253